<?xml version="1.0" encoding="UTF-8"?>
<record
    xmlns:xsi="http://www.w3.org/2001/XMLSchema-instance"
    xsi:schemaLocation="http://www.loc.gov/MARC21/slim http://www.loc.gov/standards/marcxml/schema/MARC21slim.xsd"
    xmlns="http://www.loc.gov/MARC21/slim">

  <leader>01992nam a2200301   4500</leader>
  <controlfield tag="001">24</controlfield>
  <controlfield tag="003">OSt</controlfield>
  <controlfield tag="005">20250528074009.0</controlfield>
  <controlfield tag="008">250121b        |||||||e |||| 00| 1 eng d</controlfield>
  <datafield tag="020" ind1=" " ind2=" ">
    <subfield code="a">9788520919859</subfield>
  </datafield>
  <datafield tag="040" ind1=" " ind2=" ">
    <subfield code="b">por</subfield>
  </datafield>
  <datafield tag="041" ind1=" " ind2=" ">
    <subfield code="h">por</subfield>
    <subfield code="a">por</subfield>
  </datafield>
  <datafield tag="082" ind1=" " ind2=" ">
    <subfield code="a">869.3</subfield>
    <subfield code="b">A485e</subfield>
  </datafield>
  <datafield tag="100" ind1="1" ind2=" ">
    <subfield code="a">Amaral, Domingos,</subfield>
    <subfield code="d">1967-</subfield>
    <subfield code="9">55</subfield>
  </datafield>
  <datafield tag="240" ind1=" " ind2=" ">
    <subfield code="a">Enquanto Salazar dormia...</subfield>
  </datafield>
  <datafield tag="245" ind1=" " ind2=" ">
    <subfield code="a">Enquanto o ditador dormia... /</subfield>
    <subfield code="c">Amaral, Domingos </subfield>
  </datafield>
  <datafield tag="260" ind1=" " ind2=" ">
    <subfield code="a">Rio de Janeiro</subfield>
    <subfield code="b">Nova Fronteira</subfield>
    <subfield code="c">2007</subfield>
  </datafield>
  <datafield tag="300" ind1=" " ind2=" ">
    <subfield code="a">463 p.</subfield>
  </datafield>
  <datafield tag="520" ind1=" " ind2=" ">
    <subfield code="a">Lisboa, 1941. Um o&#xE1;sis de tranquilidade numa Europa fustigada pelos horrores da II Guerra Mundial. Os refugiados chegam aos milhares e Lisboa enche-se de milion&#xE1;rios e actrizes, judeus e espi&#xF5;es. Portugal torna-se palco de uma guerra secreta que Salazar permite, mas vigia &#xE0; dist&#xE2;ncia.Jack Gil Mascarenhas, um espi&#xE3;o luso-brit&#xE2;nico, tem por miss&#xE3;o desmantelar as redes de espionagem nazis que actuavam por todo o pa&#xED;s, do Estoril ao cabo de S&#xE3;o Vicente, de Alfama &#xE0; Ericeira. Estas s&#xE3;o as suas mem&#xF3;rias, contadas 50 anos mais tarde. Recorda os tempos que viveu numa Lisboa cheia de sol, de luz, de sombras e de amores. Jack Gil relembra as mulheres que amou; o sumptuoso ambiente que se vivia no Hotel Aviz, onde espi&#xF5;es se cruzavam com embaixadores e reis; os sinistros membros da pol&#xED;cia pol&#xED;tica de Salazar ou mesmo os taxistas da cidade. Um mundo secreto e oculto, onde as coisas aconteciam "enquanto Salazar dormia", como dizia ironicamente Michael, o grande amigo de Jack, tamb&#xE9;m ele um espi&#xE3;o do MI6. Num pa&#xED;s dividido, os homens tornam-se mais duros e as mulheres mais dispon&#xED;veis. Fervem intrigas e boatos, numa guerra suja e sofisticada, que transforma Portugal e os que aqui viveram nos anos 40.</subfield>
  </datafield>
  <datafield tag="650" ind1=" " ind2="0">
    <subfield code="a">Literatura portuguesa</subfield>
    <subfield code="9">91</subfield>
  </datafield>
  <datafield tag="650" ind1=" " ind2="0">
    <subfield code="a">Guerra</subfield>
    <subfield code="9">30</subfield>
  </datafield>
  <datafield tag="650" ind1=" " ind2="0">
    <subfield code="a">2&#xB0; Guerra Mundial</subfield>
    <subfield code="9">56</subfield>
  </datafield>
  <datafield tag="650" ind1=" " ind2="0">
    <subfield code="a">Hist&#xF3;rico</subfield>
    <subfield code="9">53</subfield>
  </datafield>
  <datafield tag="650" ind1=" " ind2="0">
    <subfield code="a">Ditadura</subfield>
    <subfield code="9">34</subfield>
  </datafield>
  <datafield tag="655" ind1=" " ind2="0">
    <subfield code="a">Romance</subfield>
    <subfield code="9">23</subfield>
  </datafield>
  <datafield tag="655" ind1=" " ind2="0">
    <subfield code="a">Fic&#xE7;&#xE3;o </subfield>
    <subfield code="9">22</subfield>
  </datafield>
  <datafield tag="942" ind1=" " ind2=" ">
    <subfield code="2">ddc</subfield>
    <subfield code="n">0</subfield>
    <subfield code="c">BK</subfield>
  </datafield>
  <datafield tag="952" ind1=" " ind2=" ">
    <subfield code="0">0</subfield>
    <subfield code="1">0</subfield>
    <subfield code="2">ddc</subfield>
    <subfield code="4">0</subfield>
    <subfield code="7">0</subfield>
    <subfield code="8">FIC</subfield>
    <subfield code="a">BIBIB</subfield>
    <subfield code="b">BIBIB</subfield>
    <subfield code="c">LE</subfield>
    <subfield code="d">2013-12-11</subfield>
    <subfield code="e">doa&#xE7;&#xE3;o</subfield>
    <subfield code="l">0</subfield>
    <subfield code="o">869.3 / A485e</subfield>
    <subfield code="p">2025-14817</subfield>
    <subfield code="r">2025-01-20 08:34:18</subfield>
    <subfield code="w">2025-01-20</subfield>
    <subfield code="y">BK</subfield>
  </datafield>
  <datafield tag="999" ind1=" " ind2=" ">
    <subfield code="c">24</subfield>
    <subfield code="d">24</subfield>
  </datafield>
</record>
